Čierny kontinent ostáva v kurze
Afrika - svetadiel s rýchlo rastúcou ekonomikou. Epidémia ebole v západnej Afrike. Summit USA a Afriky v auguste tohto roku vo Washingtone: The United States-Africa Leaders Summit. Diskusie o projektoch nadnárodných rozmerov. Investície amerického kapitálu do silnejúceho súkromného sektora. Prednost...
Salvato in:
| Autore principale: | |
|---|---|
| Natura: | Capitolo di libro |
| Lingua: | slovacco |
| Soggetti: | |
| Tags: |
Nessun Tag, puoi essere il primo ad aggiungerne!!
|
MARC
| LEADER | 00000naa a2200000 4500 | ||
|---|---|---|---|
| 001 | 0191862 | ||
| 005 | 20231113101707.8 | ||
| 041 | 0 | |a slo | |
| 044 | |a SK | ||
| 245 | 1 | 0 | |a Čierny kontinent ostáva v kurze |c Adrian Peter Pressburg |
| 520 | |a Afrika - svetadiel s rýchlo rastúcou ekonomikou. Epidémia ebole v západnej Afrike. Summit USA a Afriky v auguste tohto roku vo Washingtone: The United States-Africa Leaders Summit. Diskusie o projektoch nadnárodných rozmerov. Investície amerického kapitálu do silnejúceho súkromného sektora. Prednosti Afriky podľa prezidenta B. Obamu. | ||
| 610 | 2 | 0 | |a politika medzinárodná |
| 610 | 2 | 0 | |a politika zahraničná |
| 610 | 2 | 0 | |a spolupráca medzinárodná |
| 610 | 2 | 0 | |a summity |
| 610 | 2 | 0 | |a investície |
| 610 | 2 | 0 | |a rozvoj hospodársky |
| 610 | 2 | 0 | |a Afrika |
| 610 | 2 | 0 | |a USA |
| 100 | 1 | |a Pressburg, Adrian Peter | |